| 000 | 03180 a2200445 4500 | ||
|---|---|---|---|
| 001 | 23274807 | ||
| 003 | 0199096 | ||
| 005 | 20251011130447.0 | ||
| 008 | 230811s2024 enk b 001 0 eng | ||
| 010 | _a 2023035355 | ||
| 020 | _a9781032594682 | ||
| 020 | _a9781032620145 | ||
| 020 | _z9781003461777 | ||
| 035 | _a23274807 | ||
| 040 |
_aDLC _beng _erda _cDLC _dDLC |
||
| 042 | _apcc | ||
| 050 | 0 | 0 |
_aHM1121 _b.A38 2024 |
| 082 | 0 | 0 |
_a306 _223/eng/20230811 |
| 100 | 1 |
_a _eauthor. |
|
| 245 | 1 | 2 |
_aA sociological genealogy of culture wars / _c |
| 260 |
_aNew York _bRoutledge _c2024 |
||
| 263 | _a2312 | ||
| 264 | 1 |
_aAbingdon, Oxon ; _aNew York, NY : _bRoutledge, _c2024. |
|
| 300 | _apages cm. | ||
| 336 |
_atext _btxt _2rdacontent |
||
| 337 |
_aunmediated _bn _2rdamedia |
||
| 338 |
_avolume _bnc _2rdacarrier |
||
| 490 | 0 | _aRoutledge advances in sociology | |
| 504 | _aIncludes bibliographical references and index. | ||
| 505 | 0 | _aCulture Wars in Comparative Perspective: Four patterns -- Classificatory struggles and cognitive hegemonization -- Epistemological clashes within the COVID crisis -- Warrior gods, heroes and victims -- "Europe" as a symbolic battlefield -- The dynamic tension between the prefixes of the human: transhuman, posthuman and superhuman -- Social acceleration and time wars out of the future. | |
| 520 |
_a"This book analyzes the culture wars as those struggles for the monopoly of the legitimate representation of the world in the normative elucidation of controversial issues linked to values. Public culture in this context would consist of a set of complex classificatory systems of symbols and meanings that constitute a semantic field in permanent dynamic tension. In this work we analyze a whole series of lines of cultural conflict such as the social and semantic genesis of the different forms of "culture war" from the thesis of "modern polytheism" pointed out by Max Weber at the beginning of the 20th century to the national culture wars and the current global culture wars; the social production of truth and the clash with the epistemological tribalisms; the struggles between the new warrior gods, daimons and demons which emerge in modern societies; the struggles of fusion and fission on the symbolic battlefield of "Europe"; the struggles between "pioneers" and "gatekeepers" to define the limits of human nature; the struggles between utopias and dystopias that colonize the present future. This book will be of great help to anybody looking for key interpretations on the nature and structure of modern conflicts in contemporary societies"-- _cProvided by publisher. |
||
| 650 | 0 | _aCulture conflict. | |
| 650 | 0 |
_aCulture _xSocial aspects. |
|
| 650 | 0 | _aCivilization, Modern. | |
| 700 | 1 |
_aBeriain, Josetxo, _eauthor. |
|
| 776 | 0 | 8 |
_iOnline version: _a _tSociological genealogy of culture wars _dAbingdon, Oxon ; New York, NY : Routledge, 2024 _z9781003461777 _w(DLC) 2023035356 |
| 906 |
_a7 _bcbc _corignew _d1 _eecip _f20 _gy-gencatlg |
||
| 942 |
_2lcc _cBK |
||
| 999 |
_c43689 _d43689 |
||